| 000 | 02365nam a2200409 a 4500 | ||
|---|---|---|---|
| 001 | 000041783 | ||
| 003 | DO-SdBNP | ||
| 005 | 20250318154433.0 | ||
| 008 | 131017s1983 sp 000 0 spa d | ||
| 020 | _a8400052471 | ||
| 040 |
_aDO-SdBNP _bspa _cBNPHU |
||
| 082 | 4 |
_a345.46026 _222 |
|
| 100 | 1 |
_aMuro Orejón, Antonio _964027 |
|
| 245 | 1 | 0 |
_aPleitos Colombinos / _cedición preparada por Antonio Muro Orejón con la colaboración de Florentino Pérez-Embid, José Antonio Calderon Quijano, Francisco Morales Padron, Tomas Marín Martinez ; versión y revisión paleográfica de José Llavador Mira, Miguel Maticorena Estrada, Bibiano Torres Ramírez, Consuelo Varela Bueno. _b[Edición preparada por Antonio Muro Orejón, con la colaboración de Florentino Pérez-Embid, et al.] |
| 260 |
_aSevilla : _bEscuela de Estudios Hispanoamericanos, _c1983. |
||
| 300 |
_av. ; _c24 cm. |
||
| 490 | 1 |
_aPublicaciones de la escuela de estudios hispano-americanos de Sevilla _v282 |
|
| 500 | _aIncluye índice | ||
| 505 | 0 |
_gv. 1. _t Proceso hasta la sentencia de Sevilla (1511). _gv.2. _tPleitos sobre el Darien (1512-1519) _gv.3. _tProbanzas del Almirante de las Indias (1512-1515) _gv. 4. _tProbanzas del fiscal (1512-1515) _gv.8. _tRollo del proceso sobre la apelación de la sentencia de Dueñas, 1534-1536. |
|
| 600 | 4 |
_aRuiz, Pedro _dActivo del siglo XV al siglo XVI _xJuicios, litigios, etc. _977592 |
|
| 600 | 4 |
_aColón, Diego, _d-1526 _xJuicios, litigios, etc. _977593 |
|
| 600 | 4 |
_aFamilia Colón _977594 |
|
| 650 | 4 |
_aConcesiones de tierras _xLegislación _zAmérica Latina _977595 |
|
| 651 | 4 |
_aAmérica -- _xDescubrimiento y exploración -- _xEspañoles _9544 _vEnsayo, conferencias, etc. |
|
| 700 | 1 |
_a Perez-Embid, Florentino _ecolab. _964027 |
|
| 700 | 1 |
_aCalderón Quijano, José Antonio _915455 _ecolab. |
|
| 700 | 1 |
_aMorales Padron, Francisco _ecolab. _915719 |
|
| 700 | 1 |
_aMarin Martinez, Tomas _ecolab. _977596 |
|
| 700 | 1 |
_aLlavador Mira, José _968642 _ecolab. |
|
| 700 | 1 |
_aLavador Mira, José, _erev. _977597 |
|
| 700 | 1 |
_aMaticorena Estrada, José _erev. _977598 |
|
| 700 | 1 |
_aTorres Ramírez, Bibiano _erev. _914974 |
|
| 700 | 1 |
_aVarela Bueno, Consuelo _erev. _977599 |
|
| 830 | 0 |
_aPublicaciones de la escuela de estudios hispano-americanos de Sevilla ; _n282 _968643 |
|
| 910 | _aValidado. Control de calidad MFF | ||
| 942 |
_2ddc _cLBS1 |
||
| 999 |
_c41272 _d41272 |
||